Statistics for U.S. States in the Answer

Click here to take the quiz!

General Stats

  • This quiz has been taken 985 times
  • The average score is 14 of 22

Answer Stats

ClueAnswer% Correct
Harland Sanders's product{Kentucky}
Fried Chicken
98%
"Training Day" leading starDenzel {Washington}
97%
Lynyrd Skynyrd songSweet Home {Alabama}
96%
Eagles most famous songHotel {California}
90%
Doubled the size of the USA{Louisiana} Purchase
83%
1974 horror-thrillerThe {Texas}
Chainsaw Massacre
83%
2002 epic period crime dramaGangs of {New} {York}
78%
He wears a fedora{Indiana} Jones
77%
Mrs. Dalloway{Virginia} Woolf
74%
Street of White House{Pennsylvania} Avenue
72%
Destination: Willamette{Oregon} Trail
66%
Dessert topped with meringueBaked {Alaska}
64%
American playwright{Tennessee} Williams
61%
The Springs{Colorado} Springs
55%
John Stockton's team{Utah} Jazz
55%
1987 Nicolas Cage movieRaising {Arizona}
48%
Largest domesticated cat breed{Maine} Coon
46%
Nation's first caucus{Iowa} Caucuses
43%
"Low" and "Whistle" rapper{Flo} {Rida}
42%
Would it become a free state
or a slave state?
Bleeding {Kansas}
35%
Rapper born Karim KharbouchFrench {Montana}
32%
Independent country, 1777–91{Vermont} Republic
28%

Score Distribution

Percentile by Number Answered

Percent of People with Each Score

Your Score History

You have not taken this quiz